01347nam a22002297a 4500003000400000005001700004008004100021020001800062020001500080040000600095082000800101100002000109245007800129260003900207300002700246490002800273520070400301650002301005650002601028650002801054650003501082OSt20180116192412.0121212t2012 xxu||||| |||| 00| 0 eng d a9782940411535 a2940411530 c0 a7291 a Gagg, Russell.10aBasics interior architecture 05 :btexture + materials / cRussell Gagg.  aLondon : bAVA Publishing, c2012. a175 p. :bill;c23 cm.1 a Basics the ava series. a Basics Interior Architecture 05: Texture + Materials forms an inspiring introduction to many of the materials currently used in the design of interior spaces. The book explores the choice and use of materials and evaluates the effects of these choices on a space, discussing topics such as light, termperature, acoustics and general atmosphere. Each chapter assesses a single material, with its inherent flaws and individual qualities, and places it in its historical, geographical and cultural context. Readers are encouraged to consider the sustainability of each material and its future use, and text is accompanied by both historical and contemporary case studies. 830 0 Basics the ava series. aBuilding materials aInterior architecture aTexture in architecture aTexture in interior decoration